Statistics for Historical Flags 1

Click here to take the quiz!

General Stats

  • This quiz has been taken 16 times
  • The average score is 13 of 24

Answer Stats

Answer% Correct
German Empire
93%
Soviet Union
93%
Holy Roman Empire
87%
Russian Empire
87%
Spanish Empire
87%
Persia
80%
Kingdom of Portugal
73%
Venice
73%
Byzantine Empire
67%
Qing Dynasty
67%
Zaire
67%
Austrian Empire
60%
Kingdom of Hungary
60%
Mexican Empire
60%
Mongol Empire
60%
Empire of Brazil
40%
Georgian Soviet Socialist Republic
27%
Mali Empire
27%
Maurya Empire
20%
British Gambia
13%
Duranni Empire
13%
Kingdom of Kandy
13%
Kingdom of Kongo
13%
Toungoo Dynasty
13%

Score Distribution

Percentile by Number Answered

Percent of People with Each Score

Your Score History

You have not taken this quiz